Relato de mi vida /
Guardado en:
| Autor Principal: | |
|---|---|
| Formato: | Libro |
| Publicado: |
Estella :
Salvat,
1971.
|
| Materias: | |
| Etiquetas: |
Agregar Etiqueta
Sin Etiquetas, Sea el primero en etiquetar este registro!
|
| LEADER | 00495nam a22001935a 4500 | ||
|---|---|---|---|
| 001 | CEM.cems017442 | ||
| 005 | 20101126163320.0 | ||
| 008 | 130507s1971##################000#0#####d | ||
| 003 | CEMS | ||
| 020 | |a . | ||
| 082 | 0 | 4 | |a 920 |
| 100 | 1 | |a Mann, Thomas | |
| 245 | 1 | 0 | |a Relato de mi vida / |c Thomas Mann. |
| 260 | |a Estella : |b Salvat, |c 1971. | ||
| 300 | |a 150 p. | ||
| 653 | |a Literatura | ||
| 653 | |a Literatura alemana | ||
| 653 | |a Narrativa | ||
| 859 | |a CEMS |b BIB. CEMS - Agricultura |h 920 |i M315 |p A0574.04 |t Ej.1 | ||
